000 00381nam a2200157Ia 4500
003 Ost
005 20260225132555.0
008 260225s9999||||xx |||||||||||||| ||und||
040 _cfsic
041 _afre
082 _a440
100 _aSiracusa Jacques
_eAuteur
245 0 _aLe JT,machine à écrire :
245 0 _bsociologie du travail /
_cSiracusa Jacques
942 _cكتاب
999 _c34382
_d34382